000
00260nam a22001217a 4500
008
171228b xxu||||| |||| 00| 0 eng d
041
_a
eng
080
_a
94
100
_a
16
101
_a
HIS
245
_a
AMERICA 1920 1930
_c
JAMES.H.SH
942
_2
udc
_c
BK
999
_c
39521
_d
39521